| 000 | 00358 a2200121 4500 | ||
|---|---|---|---|
| 000 | nam a22 7a 4500 | ||
| 005 | 20260129102605.0 | ||
| 020 | _a9789360808013 | ||
| 100 |
_aDavid Mosse _91112562 |
||
| 245 | _aThe Saint in the Banyan Tree : Christianity and Caste Society in India | ||
| 260 |
_bManohar Publishers and Distributors _c2025 |
||
| 942 | _cTEXL | ||
| 999 |
_c1678319 _d1678319 |
||